• 首页
  • 本馆介绍
  • 公告通知
  • 最新文献
  • 馆藏检索
  • 电子资源
  • 读者导购
  • 参考咨询
  • 我的图书馆
  • 登录
  • 详细信息显示
  • 放入我的书架
  • 预约/预借图书
  • 作者相关作品
  • 分类相关作品
  • 丛书相关作品
  • 出版社相关作品

书目信息

  • 表格格式
  • 工作单格式
  • 卡片格式
题名:
工程热力学原理和应用
    
 
作者: Haung , 黄福赐 著 ;谢益棠 译
分册:  
出版信息: 北京   电力工业出版社  1982
页数: 391页
开本: 25cm
丛书名:
单 册:
中图分类: TK123
科图分类:
主题词: 工程热力学
电子资源:
ISBN:
000 00882nam0 2200277 45
001 0182010637
005 20060815111330.87
010    @dCNY2.65
091    @a15036.4282
100    @a19950227d1982 em y0chiy0121 ea
101 1  @achi@ceng
102    @aCN@b110000
105    @ay z 000yy
200 10 @a工程热力学原理和应用@Agong cheng re li xue yuan li he ying yong@f( )黄福赐(F.F. Haung)著@g谢益棠译
210    @a北京@c电力工业出版社@d1982
215    @a391页@d25cm
300    @a书名原文:Engineering Thermodynamics Fundamentals and Applications
510 1  @aEngineering Thermodynamics Fundamentals and Applications@zeng
606    @a工程热力学
690    @aTK123@v3
701 A1 @aHaung@bF.F.@4著
701  1 @a黄福赐@Ahuang fu ci@bF.F@4著
702  0 @a谢益棠@Axie yi tang@4译
801  0 @aCN@bTSSF@c20060815
801  2 @aCN@bNLC@c20060731
905    @a10447@dTK123@e62
    
    工程热力学原理和应用/( )黄福赐(F.F. Haung)著/谢益棠译.-北京:电力工业出版社,1982
    391页;25cm
    书名原文:Engineering Thermodynamics Fundamentals and Applications
    
    ISBN :CNY2.65
    
●
相关链接 在E读中查询图书 在五车中查询图书 在当当中查询图书 在豆瓣中查询图书


正题名:工程热力学原理和应用     索取号:TK123/62         预约/预借

序号 登录号 条形码 馆藏地/架位号 状态 备注
1 0439137   204391372   第二样本阅览室/ [索取号:TK123/62] 在馆    
2 0439138   204391381   密集书库/ [索取号:TK123/62] 在馆    
3 0439139   204391390   密集书库/ [索取号:TK123/62] 在馆    
4 0439140   204391407   密集书库/ [索取号:TK123/62] 在馆    
5 0439141   204391416   密集书库/ [索取号:TK123/62] 在馆    
6 0439142   204391425   密集书库/ [索取号:TK123/62] 在馆    
7 0439143   204391434   密集书库/ [索取号:TK123/62] 在馆    
8 0458495   204584958   密集书库/ [索取号:TK123/62] 在馆    
唐山师范学院图书馆 欢迎您!
大连网信软件有限公司© 版权所有